Регионална библиотека "Любен Каравелов" - Русе

Чарлз Дарвин и неговата теория (Запис номер 408511)

MARC детайли
000 -Лидер
Контролно поле с фиксирана дължина nam a22 a 4500
003 - Код на организацията, давaща контролен номер
Контролно поле BLK
005 - Дата и час на последна редакция
Контролно поле 20210415101116.0
008 - Елементи от данни с фиксирана дължина
fixed length control field 210415b bu |||||r|||| 00| 0 bu d
040 ## - Източник на каталожния запис
Идентификатор на билиотеката - собственик на записа BLK
041 ## - Код за език
Код за езика на текст/звукозапис или на отделно заглавие Български
Код за езика КДБФ Български
080 ## - УДК
Текстов определител УДК Еволюционно учение. Дарвинизъм. Видообразуване. Филогенез - Борба за съществуване, изолация, адаптация, отбор и др. Биомакромолекули, молекулярна еволюция, клетки и субклетъчни структури, тъ
УДК код - определител по УДК 575.8
УДК определител (420)(092)
УДК - код + определител 575.8(420)(092)
080 ## - УДК
Текстов определител УДК Английски учен и естественик
УДК код - определител по УДК 929 Дарвин, Чарлз Робърт
УДК - код + определител 929 Дарвин, Чарлз Робърт
100 ## - Редна дума - Автор
R(LIN) 1299
Автор Антонович, Максим Алексеевич
Авторска отговорност първи автор
139 ## - Редно поле
Редна дума Антонович, Максим Алексеевич
245 ## - Сведения за заглавието
Заглавие Чарлз Дарвин и неговата теория
Подзаглавни данни С биография и преглед на неговите съчинения
Редно поле (дума) М. А. Антонович ; Прев. [от рус.] Г. Бакалов
260 ## - Област на издателските данни
9 (RLIN) 435244
Място на издаване, разпространение и проч. Варна
Име на издателя, разпространителя и проч. Стефан Георгиев и сие
Година на издаване 1899
300 ## - Физическа характеристика
Страници 364с.
Размери/Мащаб 20см
380 ## - Жанр
Жанр Естествени науки. Математика
490 ## - СЕРИИ (Колекции)
9 (RLIN) 435080
Име на серия Колекция Редки и ценни издания
490 ## - СЕРИИ (Колекции)
9 (RLIN) 205435
Име на серия Популярна научна библиотека
№: серия 10
600 14 - Име на лице, използвано като предмет
9 (RLIN) 58759
За него / За нея Дарвин, Чарлс Робърт
650 #7 - Допълнително описание по предмет – тема
9 (RLIN) 152842
Основно описание – тема или топоним Дарвинизъм
653 #7 - Ключова дума – ненормативна
9 (RLIN) 184613
Ключова дума дарвинизъм
653 #7 - Ключова дума – ненормативна
9 (RLIN) 185767
Ключова дума еволюция
700 ## - Други автори (авторска отговорност)
9 (RLIN) 966
Лично име Бакалов, Георги Иванов
Автороска отговорност (Описва отношението между автора и произведението) прев.
852 ## - Местоположение
Форматна сигнатура Рб 899
Фондова буква Редки и ценни
999 ## - СИСТЕМНИ КОНТРОЛНИ НОМЕРА
Koha biblionumber 408511
Koha biblioitemnumber 408511
942 ## - АРТИКУЛИ
Вид на библиотечния материал Книги
Скрит в OPAC Не
Периодичен библиозапис Да
944 ## - СЪЗДАВАНЕ И РЕДАКЦИЯ на ЗАПИСА
Създаване/Редакция Създаване
Дата на регистрацията/редакция 2021-04-15
Служител, извършил регистрацията/редакцията Микаела Микова - Илиева
Статус, дата на статуса 2021-04-15
Наличности
Код за отписване Код за изгубен артикул Източник на класификационната схема Код за повреда Коз за рестрикции Код за отдаване Артикулен № Име на библиотеката - собственик Име на библиотеката, в която се намира в момента Статус (Текущо местоположение) Дата на вписване в системата Местоположение - отдел Цена в лева Инвентарен номер Систематично азбучна сигнатура Баркод Цена в евро Служебен тип на артикула
  Не е изгубен Universal Decimal Classification Не е повреден само за читалня Специални фондове ( старопечатни, редки и ценни, фонд М. Арнаудов) 853217 Регионална библиотека "Любен Каравелов" Русе Регионална библиотека "Любен Каравелов" Русе Редки и ценни 2021-09-20 Редки и ценни 0.29 7669 Рб 899 900000053013 0.15 Книги
Vip Innovations Ltd, Rousse, Bulgaria 2025